000 00218 a2200097 4500
001 59830
100 _a
245 _aNabi Karim S.A, Mahere Nafsiat (Urdu)
260 _aLahore
_bAl Faisal
_c1993
090 _c36664
_d36664
942 _aNUST-CAE
_c
_c29629
999 _c294903
_d294903